Catalog

Record Details

Catalog Search



My hero academia : team-up missions. The everyday ... Read More

Cook, Caleb D.,(translator.). Hunt, John, 1972-(letterer.). ... Read More

Available copies

  • 1 of 1 copy available at LARL/NWRL Consortium.
  • 1 of 1 copy available at Northwest Regional Library. (Show preferred library)

Current holds

0 current holds with 1 total copy.

Show Only Available Copies
Location Call Number / Copy Notes Barcode Shelving Location Status Due Date
Roseau Public Library ya G AKI (Text) 35500006753683 Main Available -

Record details

  • ISBN: 9781974741274
  • ISBN: 1974741273
  • ISBN: 9781516082605
  • ISBN: 1516082605
  • Physical Description: 179 pages : chiefly illustrations ; 20 cm
  • Edition: Shonen Jump edition.
  • Publisher: San Francisco, CA : VIZ Media, LLC, [2023]

Content descriptions

General Note:
First published in Japan in 2019 by SHUEISHA Inc., Tokyo.
Translation of: Boku no hiro akademia: Chimu appu misshon.
Book reads from right to left in the traditional Japanese format.
Summary, etc.:
"Are these hero hopefuls ready for a scare? ... Read More
Target Audience Note:
"Rated T for teen and is recommended for ages 13 ... Read More
Language Note:
In English, translated from the Japanese.
Subject: High school students > Japan > Comic books, strips, etc.
High schools > Comic books, strips, etc.
Superheroes > Comic books, strips, etc.
Military missions > Comic books, strips, etc.
Genre: Manga.
Graphic novels.
Superhero comics.
Action and adventure comics.
Fantasy comics.
School comics.
Science fiction comics.
LDR 03082cam a2200673Ii 4500
001429404
003LARL_NWRL_CONSORTIUM
00520240110185018.0
008220902t20232019caua d 6 000 1 eng d
019 . ‡a1407428744
020 . ‡a9781974741274 ‡q(paperback)
020 . ‡a1974741273 ‡q(paperback)
020 . ‡a9781516082605 ‡q(Follett bdg)
020 . ‡a1516082605 ‡q(Follett bdg)
035 . ‡a(OCoLC)1406775792 ‡z(OCoLC)1407428744
040 . ‡aSDG ‡beng ‡erda ‡cSDG ‡dRNL ‡dBKL ‡dJQW ‡dFTL ‡dOCLCF ‡dOCLCO ‡dGZD
0411 . ‡aeng ‡hjpn
043 . ‡aa-ja---
08204. ‡a741.5/952 ‡223
1001 . ‡aAkiyama, Yōkō ‡c(Comic book writer), ‡eauthor, ‡eartist.
24510. ‡aMy hero academia : ‡bteam-up missions. ‡pThe everyday lives of heroes / ‡cstory & art by Yoko Akiyama ; original concept by Kohei Horikoshi ; translation, Caleb Cook ; touch-up art & lettering, John Hunt.
24630. ‡aTeam-up missions. ‡pThe everyday lives of heroes
24630. ‡aEveryday lives of heroes
250 . ‡aShonen Jump edition.
264 1. ‡aSan Francisco, CA : ‡bVIZ Media, LLC, ‡c[2023]
264 4. ‡c©2019
300 . ‡a179 pages : ‡bchiefly illustrations ; ‡c20 cm
336 . ‡atext ‡btxt ‡2rdacontent
336 . ‡astill image ‡bsti ‡2rdacontent
337 . ‡aunmediated ‡bn ‡2rdamedia
338 . ‡avolume ‡bnc ‡2rdacarrier
385 . ‡mAge group ‡aLate Adolescents ‡2ericd
4900 . ‡aMy hero Academia ; ‡v4
4900 . ‡aShonen Jump manga
500 . ‡aFirst published in Japan in 2019 by SHUEISHA Inc., Tokyo.
500 . ‡aTranslation of: Boku no hiro akademia: Chimu appu misshon.
500 . ‡aBook reads from right to left in the traditional Japanese format.
520 . ‡a"Are these hero hopefuls ready for a scare? Between a battle of spooks, a ridiculous ski competition, and an intense game of dodgeball, the U.A. students will have their mettle tested! Later, Eri recruits a bunch of friends to throw an apple-themed party, while Yaoyorozu, Kaminari, and Hatsume get this series back on track with a proper team-up mission!"-- ‡cProvided by publisher.
5218 . ‡a"Rated T for teen and is recommended for ages 13 and up. This volume contains fantasy violence "--Colophon.
546 . ‡aIn English, translated from the Japanese.
650 0. ‡aHigh school students ‡zJapan ‡vComic books, strips, etc.
650 0. ‡aHigh schools ‡vComic books, strips, etc.
650 0. ‡aSuperheroes ‡vComic books, strips, etc.
650 0. ‡aMilitary missions ‡vComic books, strips, etc.
655 7. ‡aManga. ‡2lcgft
655 7. ‡aGraphic novels. ‡2lcgft
655 7. ‡aSuperhero comics. ‡2lcgft
655 7. ‡aAction and adventure comics. ‡2lcgft
655 7. ‡aFantasy comics. ‡2lcgft
655 7. ‡aSchool comics. ‡2lcgft
655 7. ‡aScience fiction comics. ‡2lcgft
7001 . ‡aCook, Caleb D., ‡etranslator.
7001 . ‡aHunt, John, ‡d1972- ‡eletterer.
7001 . ‡aHorikoshi, Kōhei, ‡d1986- ‡ecreator.
7102 . ‡aVIZ Media, ‡epublisher. ‡0(LARL_NWRL_CONSORTIUM)197226
901 . ‡a429404 ‡bAUTOGEN ‡c429404 ‡tbiblio

Additional Resources